[Event "69. UEM M2"]
[Site "Schweinfurt / Germany"]
[Date "2018.04.06"]
[Round "7.1"]
[White "Krenz, Dieter"]
[Black "Kuhn, Norbert"]
[Result "1/2-1/2"]
[WhiteElo "1893"]
[BlackElo "2084"]
[Annotator "Lukas, Norbert"]
[PlyCount "37"]
[EventDate "2018.04.02"]
[EventType "swiss"]
[EventRounds "9"]
[EventCountry "GER"]
[SourceTitle "69. UEM"]
[Source "SK SW 2000 e.V."]
[SourceDate "2018.04.08"]
[SourceVersion "1"]
[SourceVersionDate "2018.04.08"]
[SourceQuality "1"]
[WhiteTeam "SC Prichsenstadt"]
[BlackTeam "SV Würzburg von 1865 e.V."]

1. e4 e6 2. d4 d5 3. exd5 exd5 4. Bd3 Bd6 5. h3 Qf6 6. Nf3 h6 7. O-O Ne7 8. Re1
Bf5 9. Nc3 c6 10. a3 Nd7 11. Be3 O-O 12. Bxf5 Qxf5 13. Ne2 Ng6 14. Qd2 Nf6 15.
Rad1 Rfe8 16. Qd3 Qh5 17. Ng3 Bxg3 18. fxg3 Nf8 19. Ne5 1/2-1/2

[Event "69. UEM M2"]
[Site "Schweinfurt / Germany"]
[Date "2018.04.06"]
[Round "7.11"]
[White "Linz, Maximilian"]
[Black "Drewes, Thomas"]
[Result "1/2-1/2"]
[WhiteElo "1655"]
[BlackElo "1792"]
[Annotator "Lukas, Norbert"]
[PlyCount "64"]
[EventDate "2018.04.02"]
[EventType "swiss"]
[EventRounds "9"]
[EventCountry "GER"]
[SourceTitle "69. UEM"]
[Source "SK SW 2000 e.V."]
[SourceDate "2018.04.08"]
[SourceVersion "1"]
[SourceVersionDate "2018.04.08"]
[SourceQuality "1"]
[WhiteTeam "SF Zeiler Turm"]
[BlackTeam "SV Würzburg von 1865 e.V."]

1. e4 d6 2. Bc4 e5 3. f4 exf4 4. Nf3 Be7 5. O-O Be6 6. Bb3 Bxb3 7. axb3 Nc6 8.
d3 g5 9. Nc3 Ne5 10. h3 c6 11. Qe2 h6 12. Bd2 Nf6 13. Rae1 Qb6+ 14. Kh2 O-O-O
15. Na4 Nxf3+ 16. gxf3 Qc7 17. Qf2 b6 18. Bc3 b5 19. e5 bxa4 20. exf6 Bf8 21.
Ra1 Qb6 22. Qd2 Re8 23. Rxa4 Qe3 24. Qd1 Qe2+ 25. Kg1 Qxd1 26. Rxd1 d5 27. Kf1
Bc5 28. Bb4 Bxb4 29. Rxb4 Kc7 30. Ra1 Ra8 31. Rba4 Kb6 32. Rb4+ Kc7 1/2-1/2

[Event "69. UEM M2"]
[Site "Schweinfurt / Germany"]
[Date "2018.04.06"]
[Round "7.3"]
[White "Scholz, Michael"]
[Black "Simon, Jonathan"]
[Result "1-0"]
[WhiteElo "1861"]
[BlackElo "2019"]
[Annotator "Lukas, Norbert"]
[PlyCount "115"]
[EventDate "2018.04.02"]
[EventType "swiss"]
[EventRounds "9"]
[EventCountry "GER"]
[SourceTitle "69. UEM"]
[Source "SK SW 2000 e.V."]
[SourceDate "2018.04.08"]
[SourceVersion "1"]
[SourceVersionDate "2018.04.08"]
[SourceQuality "1"]
[WhiteTeam "SK 1928 Mömbris"]
[BlackTeam "SK 1928 Mömbris"]

1. c4 f5 2. Nc3 Nf6 3. d4 e6 4. Nf3 Bb4 5. Bg5 O-O 6. Qb3 a5 7. a3 Bxc3+ 8.
Qxc3 a4 9. e3 Qe8 10. Bxf6 Rxf6 11. d5 exd5 12. cxd5 f4 13. Bc4 d6 14. O-O-O b5
15. Ba2 fxe3 16. Rhe1 e2 17. Rd4 Na6 18. Bb1 Nc5 19. Bc2 Bf5 20. Bxf5 Rxf5 21.
Rg4 Qe7 22. Rxe2 Qf7 23. Ng5 Qxd5 24. Ne6 Nb3+ 25. Kc2 Na1+ 26. Kb1 Qd1+ 27.
Ka2 Qb3+ 28. Kxa1 Qd1+ 29. Ka2 Qd5+ 30. Kb1 Qd1+ 31. Ka2 Qd5+ 32. b3 axb3+ 33.
Kb2 Re5 34. Rxe5 dxe5 35. Nxg7 Qd7 36. Rg3 Kf8 37. Qf3+ Ke7 38. Nf5+ Ke6 39.
Ng7+ Ke7 40. Nf5+ Ke6 41. Qxa8 Qd2+ 42. Kxb3 Qd1+ 43. Kb4 Qd2+ 44. Kxb5 Qb2+
45. Ka4 Qc2+ 46. Rb3 Kxf5 47. Qc8+ Kf6 48. Qf8+ Kg6 49. Qe8+ Kf6 50. Qd8+ Ke6
51. Qd3 Qc6+ 52. Qb5 Qa8+ 53. Kb4 Qf8+ 54. Kc3 Qxf2 55. Qc6+ Ke7 56. Qxc7+ Ke6
57. Rb6+ Kd5 58. Qc6# 1-0

[Event "69. UEM M2"]
[Site "Schweinfurt / Germany"]
[Date "2018.04.06"]
[Round "7.5"]
[White "Barthel, Fabian"]
[Black "Boehl, Marius"]
[Result "0-1"]
[WhiteElo "1589"]
[BlackElo "1821"]
[Annotator "Lukas, Norbert"]
[PlyCount "100"]
[EventDate "2018.04.02"]
[EventType "swiss"]
[EventRounds "9"]
[EventCountry "GER"]
[SourceTitle "69. UEM"]
[Source "SK SW 2000 e.V."]
[SourceDate "2018.04.08"]
[SourceVersion "1"]
[SourceVersionDate "2018.04.08"]
[SourceQuality "1"]
[WhiteTeam "SV Würzburg von 1865 e.V."]
[BlackTeam "SK 1928 Mömbris"]

1. d4 e6 2. c4 Nf6 3. Nf3 d5 4. Nc3 c6 5. Bg5 Nbd7 6. Qc2 Be7 7. e3 O-O 8. cxd5
exd5 9. Bd3 h6 10. Bh4 Re8 11. O-O Ne4 12. Bxe4 Bxh4 13. Bh7+ Kh8 14. Bd3 Bf6
15. b4 Nb6 16. b5 Bd7 17. bxc6 bxc6 18. Ba6 Rb8 19. Nd2 c5 20. dxc5 Bxc3 21.
Qxc3 Na4 22. Qd3 Nxc5 23. Qa3 Nxa6 24. Qxa6 Bb5 25. Qxa7 Bxf1 26. Rxf1 Qf6 27.
a3 Rb2 28. Nf3 Reb8 29. Qc5 Rb1 30. Qxd5 Rxf1+ 31. Kxf1 Qa6+ 32. Ke1 Rb1+ 33.
Kd2 Rb2+ 34. Kc3 Qxa3+ 35. Kd4 Rb4+ 36. Ke5 Qa6 37. Qxf7 Qa5+ 38. Qd5 Rb5 39.
e4 Rxd5+ 40. exd5 Kg8 41. Ke6 Kf8 42. d6 Ke8 43. d7+ Kd8 44. Ne5 Qb6+ 45. Kd5
Qxf2 46. Kd6 Qf6+ 47. Kd5 Ke7 48. Ke4 Ke6 49. Ng4 Qf5+ 50. Ke3 Kxd7 0-1

[Event "69. UEM M2"]
[Site "Schweinfurt / Germany"]
[Date "2018.04.06"]
[Round "8.8"]
[White "Müller, Kai"]
[Black "Ullrich, Daniel"]
[Result "1/2-1/2"]
[WhiteElo "1787"]
[BlackElo "1691"]
[Annotator "Lukas, Norbert"]
[PlyCount "21"]
[EventDate "2018.04.02"]
[EventType "swiss"]
[EventRounds "9"]
[EventCountry "GER"]
[SourceTitle "69. UEM"]
[Source "SK SW 2000 e.V."]
[SourceDate "2018.04.08"]
[SourceVersion "1"]
[SourceVersionDate "2018.04.08"]
[SourceQuality "1"]
[WhiteTeam "SC Kitzingen von 1905"]
[BlackTeam "SC 1947 Bergrheinfeld"]

1. e4 e6 2. d4 d5 3. exd5 exd5 4. Nf3 Bg4 5. Bd3 Nf6 6. O-O Be7 7. c3 O-O 8.
Re1 Nbd7 9. h3 Bh5 10. Bg5 c6 11. Nbd2 1/2-1/2

[Event "69. UEM M2"]
[Site "Schweinfurt / Germany"]
[Date "2018.04.06"]
[Round "8.5"]
[White "Boehl, Marius"]
[Black "Drescher, Frank"]
[Result "1-0"]
[WhiteElo "1821"]
[BlackElo "1950"]
[Annotator "Lukas, Norbert"]
[PlyCount "107"]
[EventDate "2018.04.02"]
[EventType "swiss"]
[EventRounds "9"]
[EventCountry "GER"]
[SourceTitle "69. UEM"]
[Source "SK SW 2000 e.V."]
[SourceDate "2018.04.08"]
[SourceVersion "1"]
[SourceVersionDate "2018.04.08"]
[SourceQuality "1"]
[WhiteTeam "SK 1928 Mömbris"]
[BlackTeam "SC 1947 Bergrheinfeld"]

1. d4 Nf6 2. Nf3 c5 3. e3 e6 4. c4 cxd4 5. Nxd4 Be7 6. a3 O-O 7. Nc3 d5 8. Be2
b6 9. cxd5 exd5 10. O-O Bb7 11. b4 Re8 12. Bb2 Nbd7 13. Rc1 Rc8 14. Qb3 Bf8 15.
Ncb5 Rxc1 16. Rxc1 Ne5 17. Nxa7 Bd6 18. h3 Ne4 19. Qd1 Qh4 20. Qe1 Bb8 21. Nac6
Nxc6 22. Nxc6 Bd6 23. Nd4 Bc8 24. Nf3 Qd8 25. Qf1 Ng5 26. Nxg5 Qxg5 27. Bg4 Bb7
28. Qd3 h5 29. Qf5 Qxf5 30. Bxf5 g6 31. Bd7 Re7 32. Bc6 Kf8 33. Bxb7 Rxb7 34.
Kf1 Ke7 35. Ke2 Ke6 36. Kd3 Rb8 37. Kc2 f5 38. Kb3 g5 39. Bd4 Kd7 40. b5 g4 41.
Rc6 Rf8 42. Bxb6 f4 43. Bc5 Bxc5 44. Rxc5 fxe3 45. fxe3 Kd6 46. Rc6+ Ke5 47.
hxg4 hxg4 48. b6 Ke4 49. Re6+ Kd3 50. a4 Rf1 51. a5 Rb1+ 52. Ka4 Rb2 53. a6
Rxg2 54. b7 1-0

[Event "69. UEM M2"]
[Site "Schweinfurt / Germany"]
[Date "2018.04.06"]
[Round "8.7"]
[White "Mueller, Gerhard"]
[Black "Barthel, Fabian"]
[Result "1/2-1/2"]
[WhiteElo "1799"]
[BlackElo "1589"]
[Annotator "Lukas, Norbert"]
[PlyCount "28"]
[EventDate "2018.04.02"]
[EventType "swiss"]
[EventRounds "9"]
[EventCountry "GER"]
[SourceTitle "69. UEM"]
[Source "SK SW 2000 e.V."]
[SourceDate "2018.04.08"]
[SourceVersion "1"]
[SourceVersionDate "2018.04.08"]
[SourceQuality "1"]
[WhiteTeam "SC Bad Königshofen 1957"]
[BlackTeam "SV Würzburg von 1865 e.V."]

1. e4 d6 2. b3 Nf6 3. Nc3 e5 4. Nf3 c6 5. d3 Nbd7 6. Bb2 Be7 7. Qd2 h6 8. Be2
b5 9. a3 Qb6 10. h3 Nc5 11. Qe3 Qb8 12. d4 exd4 13. Nxd4 Bb7 14. Bf3 Ng8
1/2-1/2

[Event "69. UEM M2"]
[Site "Schweinfurt / Germany"]
[Date "2018.04.06"]
[Round "8.10"]
[White "Basel, Moritz"]
[Black "Linz, Maximilian"]
[Result "1-0"]
[WhiteElo "1871"]
[BlackElo "1655"]
[Annotator "Lukas, Norbert"]
[PlyCount "81"]
[EventDate "2018.04.02"]
[EventType "swiss"]
[EventRounds "9"]
[EventCountry "GER"]
[SourceTitle "69. UEM"]
[Source "SK SW 2000 e.V."]
[SourceDate "2018.04.08"]
[SourceVersion "1"]
[SourceVersionDate "2018.04.08"]
[SourceQuality "1"]
[WhiteTeam "SC Kitzingen von 1905"]
[BlackTeam "SF Zeiler Turm"]

1. d4 Nf6 2. c4 c5 3. Nf3 cxd4 4. Nxd4 Nc6 5. Nc3 g6 6. e4 d6 7. h3 Bg7 8. Be3
Bd7 9. Be2 a6 10. Qd2 Qc7 11. Rc1 Qd8 12. O-O O-O 13. f4 Nxd4 14. Bxd4 Bc6 15.
Bf3 Nd7 16. Bxg7 Kxg7 17. Qd4+ Kg8 18. Nd5 b6 19. b4 a5 20. a3 axb4 21. axb4
Ra4 22. Ra1 e6 23. Rxa4 Bxa4 24. Nc3 Bc6 25. Qxd6 Qc8 26. Rd1 Nf6 27. Qe7 Kg7
28. Qd6 Kg8 29. Qd4 Kg7 30. g4 e5 31. fxe5 Ng8 32. Nd5 b5 33. c5 Qa6 34. e6+ f6
35. g5 Qa3 36. Bg2 Qb3 37. e7 Rf7 38. Rf1 Bd7 39. gxf6+ Nxf6 40. Nxf6 Bxh3 41.
Ng4+ 1-0

[Event "69. UEM M2"]
[Site "Schweinfurt / Germany"]
[Date "2018.04.06"]
[Round "8.9"]
[White "Drewes, Thomas"]
[Black "Gehrig, Thomas"]
[Result "0-1"]
[WhiteElo "1792"]
[BlackElo "2066"]
[Annotator "Lukas, Norbert"]
[PlyCount "60"]
[EventDate "2018.04.02"]
[EventType "swiss"]
[EventRounds "9"]
[EventCountry "GER"]
[SourceTitle "69. UEM"]
[Source "SK SW 2000 e.V."]
[SourceDate "2018.04.08"]
[SourceVersion "1"]
[SourceVersionDate "2018.04.08"]
[SourceQuality "1"]
[WhiteTeam "SV Würzburg von 1865 e.V."]
[BlackTeam "SC Maßbach 1951"]

1. d4 Nf6 2. Bf4 d5 3. e3 e6 4. Nf3 c5 5. c3 Be7 6. Bd3 Nc6 7. Ne5 Bd7 8. Nd2
c4 9. Bc2 b5 10. Nxc6 Bxc6 11. a3 a5 12. O-O O-O 13. Qf3 b4 14. axb4 axb4 15.
e4 b3 16. Rxa8 Qxa8 17. Bb1 Nxe4 18. Nxe4 dxe4 19. Qe2 Bd5 20. g4 f5 21. g5 Qe8
22. h4 Qd8 23. Qh5 g6 24. Qe2 h6 25. Qe3 Kh7 26. Kg2 h5 27. Kg3 Qd7 28. Rd1 Qc6
29. Be5 f4+ 30. Bxf4 Rxf4 0-1

[Event "69. UEM M2"]
[Site "Schweinfurt / Germany"]
[Date "2018.04.06"]
[Round "8.4"]
[White "Ersöz, Can"]
[Black "Krenz, Dieter"]
[Result "1-0"]
[WhiteElo "1972"]
[BlackElo "1893"]
[Annotator "Lukas, Norbert"]
[PlyCount "153"]
[EventDate "2018.04.02"]
[EventType "swiss"]
[EventRounds "9"]
[EventCountry "GER"]
[SourceTitle "69. UEM"]
[Source "SK SW 2000 e.V."]
[SourceDate "2018.04.08"]
[SourceVersion "1"]
[SourceVersionDate "2018.04.08"]
[SourceQuality "1"]
[WhiteTeam "SV Würzburg von 1865 e.V."]
[BlackTeam "SC Prichsenstadt"]

1. e4 c5 2. Nc3 Nc6 3. f4 e6 4. Nf3 d5 5. Bb5 d4 6. Bxc6+ bxc6 7. Nb1 Nf6 8. d3
Be7 9. O-O Rb8 10. Nbd2 Ba6 11. Ne5 Qc7 12. Ndc4 O-O 13. Bd2 Nd7 14. b3 f6 15.
Nf3 Nb6 16. Qe2 Nxc4 17. dxc4 Bc8 18. Ne1 Rf7 19. Nd3 Bd7 20. Rae1 Rbf8 21. Kh1
Kh8 22. Qh5 g6 23. Qh6 Rg8 24. e5 f5 25. Re2 Bf8 26. Qh3 h6 27. g4 Rh7 28. Rg1
Be8 29. Reg2 fxg4 30. Qxg4 Qf7 31. Nf2 Be7 32. Ne4 Qf5 33. Qxf5 exf5 34. Nf2
Rhg7 35. Nd3 g5 36. Rf2 g4 37. Bc1 Bh4 38. Rd2 Bh5 39. Rg3 Bxg3 40. hxg3 Bf7
41. Ba3 h5 42. Rh2 Rh7 43. Rh4 Rd8 44. Bxc5 Kg7 45. a4 Kg6 46. Kg1 Be6 47. Kf2
a6 48. Ke2 Rb7 49. Nc1 Bxc4+ 50. bxc4 Rb1 51. Rh1 Ra1 52. Kd3 Rxa4 53. Nb3 a5
54. e6 Ra2 55. e7 Re8 56. Nxd4 a4 57. Nxc6 Rc8 58. Re1 Re8 59. Na7 Rb2 60. Nb5
h4 61. gxh4 Kh5 62. Kc3 Ra2 63. Nc7 Rc8 64. e8=Q+ Rxe8 65. Nxe8 Kxh4 66. Nd6
Kg3 67. Nxf5+ Kxf4 68. Rf1+ Ke4 69. Ng3+ Ke5 70. Rf5+ Ke6 71. Rf1 Ke5 72. Rf5+
Ke6 73. Rg5 Ra1 74. Rxg4 a3 75. Rg6+ Ke5 76. Ra6 a2 77. Kb2 1-0

[Event "69. UEM M2"]
[Site "Schweinfurt / Germany"]
[Date "2018.04.06"]
[Round "8.1"]
[White "Kuhn, Norbert"]
[Black "Scholz, Michael"]
[Result "1/2-1/2"]
[WhiteElo "2084"]
[BlackElo "1861"]
[Annotator "Lukas, Norbert"]
[PlyCount "62"]
[EventDate "2018.04.02"]
[EventType "swiss"]
[EventRounds "9"]
[EventCountry "GER"]
[SourceTitle "69. UEM"]
[Source "SK SW 2000 e.V."]
[SourceDate "2018.04.08"]
[SourceVersion "1"]
[SourceVersionDate "2018.04.08"]
[SourceQuality "1"]
[WhiteTeam "SV Würzburg von 1865 e.V."]
[BlackTeam "SK 1928 Mömbris"]

1. e4 d5 2. exd5 Nf6 3. d4 Nxd5 4. Nf3 Bg4 5. Be2 e6 6. O-O Nf6 7. h3 Bf5 8.
Bf4 Bd6 9. Ne5 Nbd7 10. Nd2 Nd5 11. Bg3 Nxe5 12. Bxe5 Bxe5 13. dxe5 Qe7 14. Bf3
Rd8 15. Be4 Bxe4 16. Nxe4 Ne3 17. Nd6+ cxd6 18. fxe3 dxe5 19. Qe2 O-O 20. Rad1
b6 21. Rxd8 Rxd8 22. Rd1 h6 23. Rxd8+ Qxd8 24. a3 f5 25. Kf2 g6 26. Qc4 Kf7 27.
b4 g5 28. a4 Qd2+ 29. Kf1 Qd1+ 30. Kf2 Qd2+ 31. Kf1 Qd1+ 1/2-1/2

[Event "69. UEM M2"]
[Site "Schweinfurt / Germany"]
[Date "2018.04.06"]
[Round "8.11"]
[White "Heller, Thomas"]
[Black "Heilmann, Karl Ludwig"]
[Result "1-0"]
[WhiteElo "1775"]
[BlackElo "1754"]
[Annotator "Lukas, Norbert"]
[PlyCount "137"]
[EventDate "2018.04.02"]
[EventType "swiss"]
[EventRounds "9"]
[EventCountry "GER"]
[SourceTitle "69. UEM"]
[Source "SK SW 2000 e.V."]
[SourceDate "2018.04.08"]
[SourceVersion "1"]
[SourceVersionDate "2018.04.08"]
[SourceQuality "1"]
[WhiteTeam "SV Bergtheim"]
[BlackTeam "SK Gerolzhofen"]

1. e4 c5 2. Nf3 d6 3. c3 Nf6 4. Be2 Nxe4 5. Qa4+ Bd7 6. Qxe4 Bc6 7. Qc2 Nd7 8.
O-O g6 9. d3 Bg7 10. Be3 O-O 11. Qc1 Re8 12. Na3 a6 13. h3 Qc7 14. Nc2 e5 15.
Nh2 f5 16. Bf3 d5 17. d4 e4 18. Be2 c4 19. Nb4 Nf8 20. Nxc6 Qxc6 21. b3 b5 22.
b4 Ne6 23. g3 Ra7 24. h4 Bf6 25. Bd1 Rf7 26. a4 f4 27. axb5 axb5 28. gxf4 Bxh4
29. Bg4 Ng7 30. Ra5 Bd8 31. Ra2 Bc7 32. f3 Nf5 33. Bxf5 Rxf5 34. Ng4 exf3 35.
Nh6+ Kh8 36. Nxf5 gxf5 37. Rxf3 Qg6+ 38. Rg2 Qh5 39. Rfg3 Bd8 40. Rh2 Qf7 41.
Qd1 Bf6 42. Qh5 Qe7 43. Qxf5 Bh4 44. Rgh3 Qa7 45. Qb1 Qe7 46. Qc1 Rg8+ 47. Kf1
Rg4 48. Qb1 Qf6 49. Ke2 Kg8 50. Qa1 Qg6 51. Qa8+ Kg7 52. Qb7+ Kf8 53. Qc8+ Kf7
54. Qd7+ Kf8 55. f5 Rg2+ 56. Kf1 Qh5 57. Qd6+ Ke8 58. Qe6+ Kd8 59. Qxd5+ Ke8
60. Qxb5+ Kd8 61. Qd5+ Ke8 62. Qe6+ Kd8 63. Kxg2 Qg4+ 64. Kh1 Bg3 65. Qf6+ Kc8
66. Qf8+ Kb7 67. Rxh7+ Bc7 68. Rxc7+ Kxc7 69. Rh7+ 1-0

[Event "69. UEM M2"]
[Site "Schweinfurt / Germany"]
[Date "2018.04.07"]
[Round "9.4"]
[White "Susallek, Markus"]
[Black "Pommeranz, Mika"]
[Result "1/2-1/2"]
[WhiteElo "1875"]
[BlackElo "1795"]
[Annotator "Lukas, Norbert"]
[PlyCount "38"]
[EventDate "2018.04.02"]
[EventType "swiss"]
[EventRounds "9"]
[EventCountry "GER"]
[SourceTitle "69. UEM"]
[Source "SK SW 2000 e.V."]
[SourceDate "2018.04.08"]
[SourceVersion "1"]
[SourceVersionDate "2018.04.08"]
[SourceQuality "1"]
[WhiteTeam "SK 1928 Mömbris"]
[BlackTeam "SC 1930 Großwelzheim"]

1. e4 g6 2. d4 Bg7 3. Nc3 d6 4. f4 Nf6 5. Nf3 O-O 6. Bd3 Nc6 7. O-O e5 8. fxe5
dxe5 9. d5 Nb4 10. Bg5 c6 11. dxc6 bxc6 12. Bc4 Qxd1 13. Raxd1 h6 14. Bc1 Nd7
15. Bb3 Nc5 16. Bc4 Nxc2 17. Rd6 Be6 18. Bxe6 Nxe6 19. Rxc6 Nb4 1/2-1/2

[Event "69. UEM M2"]
[Site "Schweinfurt / Germany"]
[Date "2018.04.07"]
[Round "9.10"]
[White "Ullrich, Daniel"]
[Black "Linz, Maximilian"]
[Result "1/2-1/2"]
[WhiteElo "1691"]
[BlackElo "1655"]
[Annotator "Lukas, Norbert"]
[PlyCount "53"]
[EventDate "2018.04.02"]
[EventType "swiss"]
[EventRounds "9"]
[EventCountry "GER"]
[SourceTitle "69. UEM"]
[Source "SK SW 2000 e.V."]
[SourceDate "2018.04.08"]
[SourceVersion "1"]
[SourceVersionDate "2018.04.08"]
[SourceQuality "1"]
[WhiteTeam "SC 1947 Bergrheinfeld"]
[BlackTeam "SF Zeiler Turm"]

1. e4 e5 2. Nf3 Nf6 3. Nxe5 Qe7 4. Nf3 Qxe4+ 5. Qe2 Nc6 6. c3 g6 7. d3 Qxe2+ 8.
Bxe2 Bg7 9. Bf4 d6 10. Nbd2 Be6 11. O-O-O Nd5 12. Bg3 Bxc3 13. bxc3 Nxc3 14.
Rde1 Nxa2+ 15. Kb2 a5 16. Ng5 Nab4 17. Nxe6 fxe6 18. Nc4 Nd4 19. Kc3 Nxe2+ 20.
Rxe2 Nd5+ 21. Kb2 Kd7 22. Na3 c6 23. Nc4 e5 24. f4 exf4 25. Bxf4 Nxf4 26. Nb6+
Kd8 27. Nxa8 1/2-1/2

[Event "69. UEM M2"]
[Site "Schweinfurt / Germany"]
[Date "2018.04.07"]
[Round "9.9"]
[White "Drescher, Frank"]
[Black "Drewes, Thomas"]
[Result "1/2-1/2"]
[WhiteElo "1950"]
[BlackElo "1792"]
[Annotator "Lukas, Norbert"]
[PlyCount "28"]
[EventDate "2018.04.02"]
[EventType "swiss"]
[EventRounds "9"]
[EventCountry "GER"]
[SourceTitle "69. UEM"]
[Source "SK SW 2000 e.V."]
[SourceDate "2018.04.08"]
[SourceVersion "1"]
[SourceVersionDate "2018.04.08"]
[SourceQuality "1"]
[WhiteTeam "SC 1947 Bergrheinfeld"]
[BlackTeam "SV Würzburg von 1865 e.V."]

1. d4 d5 2. c4 c6 3. Nf3 Nf6 4. e3 Bf5 5. Nbd2 e6 6. Be2 h6 7. O-O Be7 8. b3
Nbd7 9. Bb2 Ne4 10. Re1 Ndf6 11. Nxe4 Nxe4 12. Nd2 Bb4 13. Nxe4 Bxe1 14. Qxe1
Bxe4 1/2-1/2

[Event "69. UEM M2"]
[Site "Schweinfurt / Germany"]
[Date "2018.04.07"]
[Round "9.1"]
[White "Basel, Matthias"]
[Black "Scholz, Michael"]
[Result "1/2-1/2"]
[WhiteElo "2071"]
[BlackElo "1861"]
[Annotator "Lukas, Norbert"]
[PlyCount "73"]
[EventDate "2018.04.02"]
[EventType "swiss"]
[EventRounds "9"]
[EventCountry "GER"]
[SourceTitle "69. UEM"]
[Source "SK SW 2000 e.V."]
[SourceDate "2018.04.08"]
[SourceVersion "1"]
[SourceVersionDate "2018.04.08"]
[SourceQuality "1"]
[WhiteTeam "SC Kitzingen von 1905"]
[BlackTeam "SK 1928 Mömbris"]

1. d4 e6 2. Nf3 f5 3. g3 Nf6 4. Bg2 Bb4+ 5. c3 Be7 6. O-O O-O 7. c4 d5 8. b3 c5
9. e3 Nc6 10. Bb2 b6 11. Ne5 Bb7 12. cxd5 exd5 13. Nxc6 Bxc6 14. Qc2 Ne4 15.
dxc5 bxc5 16. Nc3 Qb6 17. Rad1 Rad8 18. Ne2 Bf6 19. Rc1 Bxb2 20. Qxb2 Bb5 21.
Rfd1 Bxe2 22. Qxe2 Rfe8 23. Qc2 d4 24. exd4 cxd4 25. Qc4+ Kh8 26. Qd3 Nc3 27.
Re1 g6 28. Bf3 Rxe1+ 29. Rxe1 Nxa2 30. Re7 Qc5 31. Rb7 Nc3 32. b4 Qd6 33. Qc4
Rd7 34. Qc8+ Rd8 35. Qc4 Rd7 36. Qc8+ Rd8 37. Qc4 1/2-1/2

[Event "69. UEM M2"]
[Site "Schweinfurt / Germany"]
[Date "2018.04.07"]
[Round "9.8"]
[White "Müller, Kai"]
[Black "Heller, Thomas"]
[Result "1-0"]
[WhiteElo "1787"]
[BlackElo "1775"]
[Annotator "Lukas, Norbert"]
[PlyCount "63"]
[EventDate "2018.04.02"]
[EventType "swiss"]
[EventRounds "9"]
[EventCountry "GER"]
[SourceTitle "69. UEM"]
[Source "SK SW 2000 e.V."]
[SourceDate "2018.04.08"]
[SourceVersion "1"]
[SourceVersionDate "2018.04.08"]
[SourceQuality "1"]
[WhiteTeam "SC Kitzingen von 1905"]
[BlackTeam "SV Bergtheim"]

1. e4 c6 2. d4 d5 3. exd5 cxd5 4. c4 dxc4 5. Bxc4 e6 6. Nf3 Nf6 7. O-O Be7 8.
Nc3 O-O 9. Re1 Nbd7 10. Bg5 Nb6 11. Bb3 Bd7 12. Ne5 Be8 13. Qd3 Nh5 14. Bc2 g6
15. Bh6 Ng7 16. f4 Nd5 17. a3 a6 18. Nxd5 Qxd5 19. Bb3 Qb5 20. Rac1 Qxd3 21.
Nxd3 Bb5 22. Ne5 Bf6 23. Rc7 Bxe5 24. dxe5 Bc6 25. Bxg7 Kxg7 26. Bxe6 Rad8 27.
Re2 Rd1+ 28. Kf2 Bb5 29. Rec2 Bd3 30. R2c3 Be4 31. Bb3 Rd2+ 32. Ke3 1-0

[Event "69. UEM M2"]
[Site "Schweinfurt / Germany"]
[Date "2018.04.07"]
[Round "9.6"]
[White "Barthel, Fabian"]
[Black "Gehrig, Thomas"]
[Result "1-0"]
[WhiteElo "1589"]
[BlackElo "2066"]
[Annotator "Lukas, Norbert"]
[PlyCount "71"]
[EventDate "2018.04.02"]
[EventType "swiss"]
[EventRounds "9"]
[EventCountry "GER"]
[SourceTitle "69. UEM"]
[Source "SK SW 2000 e.V."]
[SourceDate "2018.04.08"]
[SourceVersion "1"]
[SourceVersionDate "2018.04.08"]
[SourceQuality "1"]
[WhiteTeam "SV Würzburg von 1865 e.V."]
[BlackTeam "SC Maßbach 1951"]

1. d4 Nf6 2. c4 e6 3. Nf3 Be7 4. Nc3 d5 5. Bf4 c6 6. e3 O-O 7. Qc2 Nbd7 8. cxd5
exd5 9. Bd3 Re8 10. O-O h6 11. Nb5 Nb6 12. Nc7 Be6 13. Nxa8 Qxa8 14. h3 Nc4 15.
Ne5 Nd6 16. Rab1 Rc8 17. Rfe1 a6 18. Qe2 Qa7 19. Rbc1 Qb6 20. Bb1 Nc4 21. Nxc4
dxc4 22. Qc2 Qd8 23. Rcd1 Qd7 24. e4 Kf8 25. Bc1 b5 26. f4 Qb7 27. f5 Bd7 28.
e5 Nd5 29. f6 Bb4 30. Qh7 Ke8 31. Qg8+ Bf8 32. Bxh6 Nxf6 33. Bxg7 Ke7 34. exf6+
Kd6 35. Bxf8+ Kc7 36. Qxf7 1-0

[Event "69. UEM M2"]
[Site "Schweinfurt / Germany"]
[Date "2018.04.07"]
[Round "9.5"]
[White "Krenz, Dieter"]
[Black "Böckler, Michael"]
[Result "1/2-1/2"]
[WhiteElo "1893"]
[BlackElo "1730"]
[Annotator "Lukas, Norbert"]
[PlyCount "50"]
[EventDate "2018.04.02"]
[EventType "swiss"]
[EventRounds "9"]
[EventCountry "GER"]
[SourceTitle "69. UEM"]
[Source "SK SW 2000 e.V."]
[SourceDate "2018.04.08"]
[SourceVersion "1"]
[SourceVersionDate "2018.04.08"]
[SourceQuality "1"]
[WhiteTeam "SC Prichsenstadt"]
[BlackTeam "TSV 1928 Trappstadt SAbt."]

1. Nf3 d5 2. g3 c6 3. Bg2 Bg4 4. d4 e6 5. O-O Bd6 6. Nbd2 Nf6 7. c4 Nbd7 8. c5
Bc7 9. h3 Bh5 10. b4 a6 11. Bb2 Bg6 12. Re1 Qb8 13. Qb3 h5 14. Nh4 Be4 15. Nxe4
Nxe4 16. Bxe4 dxe4 17. Qe3 Nf6 18. f4 g5 19. Ng2 Rg8 20. Rf1 gxf4 21. gxf4 Nd5
22. Qxe4 Nxf4 23. Rxf4 Bxf4 24. Rf1 Bh2+ 25. Kh1 Qg3 1/2-1/2

[Event "69. UEM M2"]
[Site "Schweinfurt / Germany"]
[Date "2018.04.07"]
[Round "9.3"]
[White "Simon, Jonathan"]
[Black "Boehl, Marius"]
[Result "0-1"]
[WhiteElo "2019"]
[BlackElo "1821"]
[Annotator "Lukas, Norbert"]
[PlyCount "92"]
[EventDate "2018.04.02"]
[EventType "swiss"]
[EventRounds "9"]
[EventCountry "GER"]
[SourceTitle "69. UEM"]
[Source "SK SW 2000 e.V."]
[SourceDate "2018.04.08"]
[SourceVersion "1"]
[SourceVersionDate "2018.04.08"]
[SourceQuality "1"]
[WhiteTeam "SK 1928 Mömbris"]
[BlackTeam "SK 1928 Mömbris"]

1. Nf3 Nf6 2. d4 e6 3. e3 d5 4. Bd3 Be7 5. O-O O-O 6. Nbd2 c5 7. b3 Nc6 8. Bb2
b6 9. c4 cxd4 10. exd4 Bb7 11. Qe2 Rc8 12. Rac1 dxc4 13. bxc4 Re8 14. Rfd1 g6
15. Qe3 Bf8 16. Nf1 Qe7 17. Rc3 Ng4 18. Qf4 h5 19. h3 e5 20. Qg3 exd4 21. Rb3
Nge5 22. Bf5 Nxf3+ 23. gxf3 Rcd8 24. f4 Qf6 25. Bb1 Bd6 26. Bc1 h4 27. Qg4 Bc8
28. Qg2 Na5 29. Rb5 Bc5 30. Nh2 Nxc4 31. Ng4 Qe7 32. Nh6+ Kh7 33. f5 Ne5 34.
fxg6+ fxg6 35. Bg5 Qxg5 36. Qxg5 Nf3+ 37. Kf1 Nxg5 38. Ng4 Bxg4 39. hxg4 h3 40.
f4 Nf7 41. f5 gxf5 42. gxf5 Kg7 43. Rb3 Re3 44. Rb2 Rh8 45. f6+ Kxf6 46. Rf2+
Ke7 0-1